| 000 | 00753nam a22002177a 4500 | ||
|---|---|---|---|
| 008 | 090220t xxu||||| |||| 00| 0 eng d | ||
| 010 | _aENG-93028 | ||
| 020 |
_c60.00 _a8177355937 |
||
| 035 | _aEN-76561 | ||
| 037 | _bDBAD / PUB | ||
| 040 |
_adpl _bEnglish |
||
| 082 | _a004 | ||
| 100 | _aMahesh, R.P. | ||
| 245 |
_aInformation technology / _bby R.P. Mahesh |
||
| 260 |
_aChennai _bPavai Publications _c2008 |
||
| 270 |
_a142, Johny John Khan Salai, Royapettah, _bChennai _e600014 |
||
| 300 |
_a134p. _c21cm (pbk) |
||
| 650 | _aInformation technology | ||
| 942 |
_2ddc _cEN _mMAH _h004 |
||
| 999 |
_c24135 _d24135 |
||